000 00768nam a2200217Ia 4500
005 20240530104424.0
008 140319s1971 xx 000 0 ara d
040 _aGCL /
_cGCL
082 0 4 _a811.4 /
_bا ح
100 1 _aمحسن غياض
245 1 0 _a شعر الحسين بن مطير الاسدى /
_cتاليف محسن غياض
260 _aبغداد :
_bدار الحرية للطباعة ،
_c1971
300 _a80 ص،
_c4 سم
490 _aسلسلة كتب التراث
_v( 19 )
650 0 4 _aالادب العربى
650 0 4 _aالشعراء العرب
650 0 4 _aالشعر العربى - تاريخ ونقد
650 0 4 _aالحسين بن مطيرالاسدى
942 _2ddc
_cBK
999 _c47501
_d47501